[Event "7.Città di Padova Open A"]
[Site "Padova"]
[Date "2004.12.19"]
[Round "6.4"]
[White "Lain, Luigi"]
[Black "Stafie, Constantin"]
[Result "0-1"]
[WhiteElo "2262"]
[BlackElo "2100"]
[Annotator "Gabriele Ballarin"]
[PlyCount "66"]
[EventDate "2004.12.11"]
[EventType "swiss"]
[EventRounds "6"]
[EventCountry "ITA"]

1. d4 Nf6 2. c4 c5 3. d5 d6 4. Nc3 g6 5. e4 Bg7 6. f3 O-O 7. Bg5 e6 8. Qd2 Re8 9. O-O-O e5 10. Bd3 a6 11. Nge2 Qc7 12. g4 Nbd7 13. h4 Rb8 14. h5 b5 15. Ng3 bxc4 16. Bb1 Nf8 17. Rdg1 Qb7 18. Nf5 Bxf5 19. exf5 e4 20. hxg6 e3 21. Qc2 Nxd5 22. gxh7+ Kh8 23. f6 Nxf6 24. Bh6 Bxh6 25. g5 Qxf3 26. gxh6 e2 27. Qxe2 Qe3+ 28. Qxe3 Rxe3 29. Re1 Rbe8 30. Kd2 N6xh7 31. Rh4 Ng5 32. Be4 R3xe4 33. Nxe4 Nf3+ 0-1

[Event "7.Città di Padova Open A"]
[Site "Padova"]
[Date "2004.12.19"]
[Round "6.10"]
[White "Cecchetto, Vanni"]
[Black "Quaranta, Cristiano"]
[Result "1-0"]
[WhiteElo "1989"]
[BlackElo "2091"]
[Annotator "Gabriele Ballarin"]
[PlyCount "75"]
[EventDate "2004.12.11"]
[EventType "swiss"]
[EventRounds "6"]
[EventCountry "ITA"]

1. Nf3 Nf6 2. c4 g6 3. Nc3 Bg7 4. e4 d6 5. d4 O-O 6. Be2 e5 7. O-O Nbd7 8. Kh1 exd4 9. Nxd4 Re8 10. f3 a5 11. Be3 c6 12. Qd2 Nc5 13. Rad1 Qe7 14. Nc2 Bf8 15. Bf4 d5 16. cxd5 cxd5 17. exd5 Nh5 18. Bg5 f6 19. Bc4 Kh8 20. Rfe1 Qd8 21. Be3 Bd7 22. d6 Ne6 23. Nb5 Ra6 24. Qf2 Nhg7 25. Nc7 Rxd6 26. Nxe8 Bxe8 27. Rxd6 Bxd6 28. Nd4 Bb4 29. Rc1 Nxd4 30. Bxd4 Nf5 31. Bb6 Qe7 32. a3 Bd6 33. Re1 Qf8 34. Bd8 Bc5 35. Bxf6+ Ng7 36. Qxc5 Qxf6 37. Qd5 Qf8 38. Qd8 1-0

[Event "7.Città di Padova Open B"]
[Site "Padova"]
[Date "2004.12.11"]
[Round "1.1"]
[White "Quaranta, Gaetano"]
[Black "Ungaro, Olindo"]
[Result "0-1"]
[WhiteElo "1700"]
[BlackElo "1999"]
[Annotator "Gabriele Ballarin"]
[PlyCount "135"]
[EventDate "2004.12.11"]
[EventType "swiss"]
[EventRounds "6"]
[EventCountry "ITA"]

1. c4 e5 2. e4 Bc5 3. Nf3 Nc6 4. Nc3 d6 5. Na4 Nf6 6. Nxc5 dxc5 7. d3 Nd7 8. Be2 Nf8 9. Be3 Ne6 10. O-O O-O 11. Qd2 Qe7 12. a4 a5 13. Ng5 Ned4 14. Qd1 f6 15. Nf3 Nxf3+ 16. Bxf3 Be6 17. Bg4 Bxg4 18. Qxg4 Rfd8 19. Rfd1 Nb4 20. Qe2 b6 21. f4 Rd6 22. fxe5 fxe5 23. Bf2 Rad8 24. Ra3 Qg5 25. Be1 Nc6 26. Bf2 Qg6 27. Raa1 Nb4 28. Ra3 Qe8 29. Bg3 R8d7 30. Rd2 Nc6 31. Bf2 Qd8 32. Bg3 Rd4 33. Rc3 Qg5 34. b3 R4d6 35. Bf2 Nb4 36. Bg3 h5 37. Bf2 g6 38. h4 Qd8 39. Bg3 Nc6 40. Qe3 Kg7 41. Qe2 Qf6 42. Qf2 Qe6 43. Qe3 Qg4 44. Rc1 Rf6 45. Rf1 Rdf7 46. Rxf6 Rxf6 47. Qe1 Qd7 48. Qe3 Qf7 49. Qg5 Rf1+ 50. Kh2 Qf6 51. Qxf6+ Kxf6 52. Bf2 Rb1 53. Be3 Rxb3 54. Bg5+ Kg7 55. Kg3 Nd4 56. Kf2 Ne6 57. Be3 Ra3 58. Ke2 Rxa4 59. Bf2 Nf4+ 60. Ke3 Nxg2+ 61. Kf3 Nf4 62. Bg3 Ra1 63. d4 cxd4 64. Rc2 Rf1+ 65. Bf2 Nd3 66. Kg2 Rxf2+ 67. Rxf2 Nxf2 68. Kxf2 0-1

[Event "7.Città di Padova Open B"]
[Site "Padova"]
[Date "2004.12.11"]
[Round "1.8"]
[White "Zangrando, Gianpietro"]
[Black "Di Cerbo, Giulia"]
[Result "1-0"]
[WhiteElo "1846"]
[BlackElo "1676"]
[Annotator "Gabriele Ballarin"]
[PlyCount "110"]
[EventDate "2004.12.11"]
[EventType "swiss"]
[EventRounds "6"]
[EventCountry "ITA"]

1. Nf3 e6 2. g3 d5 3. Bg2 Nf6 4. c4 c6 5. b3 Nbd7 6. Bb2 Bc5 7. O-O O-O 8. d4 Bb6 9. Nc3 Re8 10. c5 Bc7 11. b4 e5 12. e3 exd4 13. exd4 Ne4 14. Nxe4 dxe4 15. Ne5 Nxe5 16. dxe5 Qxd1 17. Raxd1 Bg4 18. Rde1 Bxe5 19. Bxe5 Rxe5 20. f3 Bd7 21. f4 Re7 22. Rxe4 Rxe4 23. Bxe4 Re8 24. Bf3 Be6 25. Rd1 g6 26. Kf2 Kg7 27. Rd2 h6 28. b5 Rc8 29. bxc6 bxc6 30. a3 Rc7 31. Rd6 Bd7 32. Ke3 a5 33. Kd4 Kf8 34. g4 Ke7 35. h4 Kf8 36. h5 gxh5 37. gxh5 Kg7 38. Ke5 Be8 39. Kd4 Rd7 40. Rxd7 Bxd7 41. Ke5 Be8 42. Kd6 f6 43. Ke7 Bf7 44. Kd6 Kf8 45. Kxc6 Be8+ 46. Kd6 Kg7 47. c6 Bxc6 48. Kxc6 Kf7 49. Kd6 Kg7 50. Ke7 a4 51. Bg4 Kg8 52. Kxf6 Kh8 53. Bd7 Kg8 54. Bxa4 Kh8 55. Bc2 Kg8 1-0

[Event "7.Città di Padova Open B"]
[Site "Padova"]
[Date "2004.12.11"]
[Round "1.11"]
[White "Palumbo, Giuseppe"]
[Black "Favero, Graziano"]
[Result "1/2-1/2"]
[WhiteElo "1652"]
[BlackElo "1817"]
[Annotator "Gabriele Ballarin"]
[PlyCount "147"]
[EventDate "2004.12.11"]
[EventType "swiss"]
[EventRounds "6"]
[EventCountry "ITA"]

1. e4 d6 2. d4 Nf6 3. Bd3 g6 4. c4 Bg7 5. Nc3 O-O 6. Nge2 Nc6 7. a3 e5 8. d5 Ne7 9. f3 c6 10. Be3 b5 11. b3 a6 12. Qd2 cxd5 13. cxd5 Bb7 14. O-O Nd7 15. Rac1 f5 16. Rc2 f4 17. Bf2 g5 18. Rfc1 Nf6 19. Na2 g4 20. Rc7 Bc8 21. Bh4 Ng6 22. Bf2 gxf3 23. gxf3 Bh3 24. Qe1 Ne8 25. Rxg7+ Kxg7 26. Kh1 Qg5 27. Qg1 h6 28. Nb4 Bd7 29. Nc6 Qxg1+ 30. Kxg1 Kf7 31. Bb6 Nh4 32. Kf2 Rg8 33. Rg1 Rxg1 34. Nxg1 Bxc6 35. dxc6 Rc8 36. a4 bxa4 37. bxa4 Rxc6 38. Bd8 Nf6 39. a5 Ng6 40. Bb6 Nd7 41. Ba7 Ngf8 42. Ne2 Ne6 43. h3 Ke7 44. Kg2 Nd8 45. h4 Nb7 46. Kh3 Nxa5 47. Kg4 Nf6+ 48. Kf5 Kf7 49. Bb1 Nb7 50. Ba2+ Kg7 51. Bb3 Nc5 52. Bd1 Nd3 53. Ba4 Rc7 54. Bb8 Rc4 55. Bd1 Ne8 56. Ke6 Kf8 57. h5 Nc5+ 58. Kf5 a5 59. Ba7 Rb4 60. Nc3 Rb7 61. Bxc5 dxc5 62. Kxe5 Ng7 63. Kxf4 Nxh5+ 64. Kg4 Nf6+ 65. Kf5 Kg7 66. e5 Ne8 67. e6 Kf8 68. f4 Ke7 69. Nd5+ Kd6 70. Bf3 Ng7+ 71. Kf6 Nxe6 72. f5 Nd4 73. Bg2 a4 74. Nc3 {Nur} 1/2-1/2

[Event "7.Città di Padova Open B"]
[Site "Padova"]
[Date "2004.12.11"]
[Round "1.21"]
[White "Amendola, Massimiliano"]
[Black "Penzo, Michele"]
[Result "0-1"]
[WhiteElo "1440"]
[BlackElo "1724"]
[Annotator "Gabriele Ballarin"]
[PlyCount "40"]
[EventDate "2004.12.11"]
[EventType "swiss"]
[EventRounds "6"]
[EventCountry "ITA"]

1. e4 d6 2. Nc3 Nf6 3. Nf3 g6 4. d4 Bg7 5. Bc4 c6 6. Bb3 O-O 7. Bg5 b5 8. a3 Qc7 9. d5 Nbd7 10. dxc6 Qxc6 11. Nd4 Qb7 12. Ndxb5 a6 13. Nd4 e6 14. Nxe6 fxe6 15. Bxe6+ Kh8 16. Bxd7 Bxd7 17. Qxd6 Nxe4 18. Nxe4 Qxe4+ 19. Kd2 Rxf2+ 20. Kc1 Qxc2# 0-1

[Event "7.Città di Padova Open B"]
[Site "Padova"]
[Date "2004.12.11"]
[Round "1.22"]
[White "Salata, Alessio"]
[Black "Bano, Paolo"]
[Result "1-0"]
[WhiteElo "1718"]
[BlackElo "1440"]
[Annotator "Gabriele Ballarin"]
[PlyCount "97"]
[EventDate "2004.12.11"]
[EventType "swiss"]
[EventRounds "6"]
[EventCountry "ITA"]

1. d4 e6 2. Nf3 Nf6 3. e3 c5 4. c3 d5 5. Bd3 Bd6 6. Nbd2 O-O 7. O-O Nc6 8. Re1 a6 9. e4 c4 10. Bc2 Nxe4 11. Nxe4 dxe4 12. Bxe4 Qc7 13. Ng5 g6 14. Nf3 Bf4 15. Bxf4 Qxf4 16. Bxc6 bxc6 17. Ne5 Rd8 18. Nxc6 Rd7 19. Ne5 Rc7 20. Qe2 a5 21. Nxc4 Ba6 22. Qe5 Qxe5 23. Nxe5 Rb8 24. Rab1 Rb6 25. Re3 Rcb7 26. b3 a4 27. b4 f6 28. Nf3 Rc7 29. Nd2 Bb5 30. Ne4 f5 31. Nc5 Bc4 32. a3 Kf7 33. Rbe1 Rcc6 34. Nd7 Ra6 35. Ne5+ Kf6 36. Nxc6 Rxc6 37. Re5 Bd5 38. Rc1 Rc7 39. f4 h5 40. Kf2 Rc6 41. g3 Rc7 42. Ke3 Rc6 43. c4 Rxc4 44. Rxc4 Bxc4 45. b5 Bd5 46. Kd2 Ke7 47. Kc3 Kd6 48. Kb4 Bb3 49. Ka5 1-0

[Event "7.Città di Padova Open B"]
[Site "Padova"]
[Date "2004.12.11"]
[Round "1.23"]
[White "Facchin, Francesco"]
[Black "Bellemo, Davide"]
[Result "0-1"]
[WhiteElo "1440"]
[BlackElo "1715"]
[Annotator "Gabriele Ballarin"]
[PlyCount "94"]
[EventDate "2004.12.11"]
[EventType "swiss"]
[EventRounds "6"]
[EventCountry "ITA"]

1. d4 d5 2. Nf3 Nf6 3. e3 e6 4. c4 Be7 5. Nc3 O-O 6. Bd3 a6 7. c5 b6 8. b4 a5 9. Ba3 axb4 10. Bxb4 Ba6 11. Ne5 Nfd7 12. Bxa6 Nxa6 13. Nc6 Qe8 14. Nb5 bxc5 15. Ba5 Nb6 16. Nxe7+ Qxe7 17. Bxb6 cxb6 18. O-O Qd7 19. a4 Nc7 20. Qb3 Ra5 21. Nxc7 Qxc7 22. dxc5 bxc5 23. Rfb1 Rfa8 24. Kf1 Qxh2 25. g3 Qh1+ 26. Ke2 Qh5+ 27. Kf1 h6 28. Kg2 Qe5 29. Qb6 Qe4+ 30. Kg1 Rxa4 31. Rxa4 Rxa4 32. Rc1 c4 33. Qc6 Ra7 34. Qc5 Ra2 35. Qb5 Qf5 36. Qb8+ Kh7 37. Qf4 Qxf4 38. gxf4 Kg6 39. Kg2 Kf5 40. Kf3 g5 41. fxg5 hxg5 42. Kg3 Ke4 43. Rc3 Rb2 44. f3+ Ke5 45. f4+ gxf4+ 46. exf4+ Kd4 47. Rf3 Rb3 0-1

[Event "7.Città di Padova Open B"]
[Site "Padova"]
[Date "2004.12.11"]
[Round "1.24"]
[White "Menini, Luca"]
[Black "Gouveia, Daniel"]
[Result "1-0"]
[WhiteElo "1715"]
[BlackElo "1440"]
[Annotator "Gabriele Ballarin"]
[PlyCount "73"]
[EventDate "2004.12.11"]
[EventType "swiss"]
[EventRounds "6"]
[EventCountry "ITA"]

1. d4 d5 2. c4 c6 3. Nf3 Nf6 4. Nc3 e6 5. Bg5 Be7 6. e3 Nbd7 7. Bd3 dxc4 8. Bxc4 Nb6 9. Bb3 Nbd5 10. O-O b6 11. Re1 Ba6 12. a3 O-O 13. Rc1 Rc8 14. Ne5 Nd7 15. Bxe7 Qxe7 16. Nxd7 Qxd7 17. Ba4 Ne7 18. Qf3 Qd8 19. Na2 c5 20. dxc5 bxc5 21. Nc3 Qb6 22. b3 Bb7 23. Qe2 Rfd8 24. Red1 Nd5 25. Nxd5 exd5 26. Rc3 d4 27. exd4 cxd4 28. Rxc8 Rxc8 29. Bb5 Qg6 30. f3 Qd6 31. a4 Kf8 32. Qd3 Rd8 33. Qxh7 Qb4 34. Qh4 Qd6 35. Qh8+ Ke7 36. Qxg7 Qf6 37. Re1+ 1-0

[Event "7.Città di Padova Open B"]
[Site "Padova"]
[Date "2004.12.11"]
[Round "1.25"]
[White "Vishanji, Adrian"]
[Black "Boscolo, Michele"]
[Result "1/2-1/2"]
[WhiteElo "1440"]
[BlackElo "1711"]
[Annotator "Gabriele Ballarin"]
[PlyCount "90"]
[EventDate "2004.12.11"]
[EventType "swiss"]
[EventRounds "6"]
[EventCountry "ITA"]

1. e4 Nf6 2. e5 Nd5 3. c4 Nb6 4. d4 d6 5. exd6 exd6 6. Nc3 Be7 7. Bd3 Nc6 8. Be3 Bf6 9. Nge2 O-O 10. O-O Nb4 11. Ne4 Nxd3 12. Qxd3 Bf5 13. Nxf6+ Qxf6 14. Qc3 Rfe8 15. Rfe1 Re7 16. a4 c6 17. a5 Nd7 18. Ng3 Rae8 19. b4 c5 20. Nh5 Qh4 21. Ng3 Qf6 22. bxc5 dxc5 23. Nxf5 Qxf5 24. d5 b6 25. axb6 axb6 26. Rad1 Qg4 27. h3 Qh4 28. Qc1 Re4 29. Bd2 Rxe1+ 30. Rxe1 Re4 31. Rxe4 Qxe4 32. Bf4 h6 33. Bc7 Kh7 34. Qc3 Qb1+ 35. Kh2 Qb4 36. Qd3+ g6 37. Qf3 Kg7 38. Qg4 Qa4 39. Qe4 b5 40. Qe7 bxc4 41. Be5+ Nxe5 42. Qxe5+ Kf8 43. d6 Kg8 44. Qe7 c3 45. d7 Qf4+ 1/2-1/2

[Event "7.Città di Padova Open B"]
[Site "Padova"]
[Date "2004.12.11"]
[Round "1.26"]
[White "Ceccherini, Paolo"]
[Black "Zabeo, Gianpaolo"]
[Result "1-0"]
[WhiteElo "1706"]
[BlackElo "1440"]
[Annotator "Gabriele Ballarin"]
[PlyCount "71"]
[EventDate "2004.12.11"]
[EventType "swiss"]
[EventRounds "6"]
[EventCountry "ITA"]

1. d4 d5 2. Nf3 Bf5 3. e3 Nf6 4. c4 e6 5. Qb3 c5 6. Qxb7 Nbd7 7. Nc3 cxd4 8. Nxd4 Nc5 9. Qb5+ Qd7 10. cxd5 Qxb5 11. Bxb5+ Ncd7 12. Nxf5 exf5 13. O-O Ne4 14. f3 Nec5 15. e4 fxe4 16. fxe4 Bd6 17. b4 Nb7 18. Bxd7+ Kxd7 19. Rxf7+ Ke8 20. Rxb7 Be5 21. Bd2 Rf8 22. Rc1 Bd4+ 23. Kh1 Rf2 24. Nb5 Rxd2 25. Nc7+ Kf7 26. Nxa8+ Kg6 27. Nc7 Rxa2 28. Nb5 Be3 29. Rd1 a6 30. Nc7 Bd4 31. d6 Bf6 32. d7 Re2 33. Nd5 Bg5 34. Nf4+ Bxf4 35. d8=Q Be5 36. Qe8+ 1-0

[Event "7.Città di Padova Open B"]
[Site "Padova"]
[Date "2004.12.12"]
[Round "2.14"]
[White "Favero, Graziano"]
[Black "Vishanji, Adrian"]
[Result "0-1"]
[WhiteElo "1817"]
[BlackElo "1440"]
[Annotator "Gabriele Ballarin"]
[PlyCount "88"]
[EventDate "2004.12.11"]
[EventType "swiss"]
[EventRounds "6"]
[EventCountry "ITA"]

1. e4 e5 2. Nf3 Nc6 3. Bc4 Bc5 4. c3 Nf6 5. d4 exd4 6. cxd4 Bb4+ 7. Nc3 Nxe4 8. O-O Bxc3 9. d5 Bf6 10. Re1 Ne7 11. Rxe4 d6 12. Bg5 Bxg5 13. Nxg5 h6 14. Qe2 hxg5 15. Re1 Be6 16. dxe6 f6 17. Re3 d5 18. Rh3 Rxh3 19. gxh3 g6 20. Bd3 Kf8 21. Qc2 Kg7 22. Re3 Qd6 23. Rg3 Rh8 24. Qe2 c5 25. b3 a6 26. a4 Rh4 27. Qc2 Rb4 28. Rf3 b5 29. axb5 axb5 30. Qc3 d4 31. Qc2 c4 32. bxc4 bxc4 33. Bxc4 Qc6 34. Bd3 Qxf3 35. Qc5 Qb7 36. Be4 Rb1+ 37. Bxb1 Qxb1+ 38. Kg2 Qe4+ 39. Kg1 Qxe6 40. Qxd4 Nf5 41. Qa7+ Qe7 42. Qa1 Nh4 43. Kf1 Kh6 44. Qc1 Qe5 0-1

[Event "7.Città di Padova Open B"]
[Site "Padova"]
[Date "2004.12.12"]
[Round "2.20"]
[White "Valentini, Paola"]
[Black "Benedetti, Maurizio"]
[Result "1-0"]
[WhiteElo "1787"]
[BlackElo "1523"]
[Annotator "Gabriele Ballarin"]
[PlyCount "84"]
[EventDate "2004.12.11"]
[EventType "swiss"]
[EventRounds "6"]
[EventCountry "ITA"]

1. c4 e5 2. Nc3 Nf6 3. g3 g6 4. Bg2 Bg7 5. d3 O-O 6. Nf3 Re8 7. O-O d6 8. Bd2 Nc6 9. Rb1 a5 10. Qc1 Bd7 11. Bg5 Qc8 12. Nd2 Nd4 13. Bxf6 Bxf6 14. Nde4 Bg7 15. Qg5 f5 16. Nf6+ Bxf6 17. Qxf6 Rf8 18. Qg5 Ne6 19. Qh6 Rb8 20. Nd5 Qd8 21. b4 c6 22. Ne3 b5 23. cxb5 Rxb5 24. bxa5 Qxa5 25. Ra1 Nd4 26. Rfe1 d5 27. h4 Rf6 28. f4 exf4 29. Qxf4 Ne6 30. Qe5 Rf8 31. Qd6 Qc7 32. Qxc7 Nxc7 33. a4 Ra5 34. Reb1 Rf7 35. Nc2 c5 36. Rb7 Rxa4 37. Rxa4 Bxa4 38. Ne3 Bc6 39. Rb6 Ba8 40. Rd6 d4 41. Bxa8 Nxa8 42. Nd5 Kf8 1-0

[Event "7.Città di Padova Open B"]
[Site "Padova"]
[Date "2004.12.12"]
[Round "2.22"]
[White "Sanavio, Giancarlo"]
[Black "Amendola, Massimiliano"]
[Result "1-0"]
[WhiteElo "1685"]
[BlackElo "1440"]
[Annotator "Gabriele Ballarin"]
[PlyCount "84"]
[EventDate "2004.12.11"]
[EventType "swiss"]
[EventRounds "6"]
[EventCountry "ITA"]

1. Nf3 d5 2. c4 e6 3. b3 Bb4 4. Bb2 Nf6 5. a3 Be7 6. e3 c5 7. Be2 Nc6 8. O-O d4 9. exd4 cxd4 10. Re1 e5 11. d3 Bf5 12. b4 a6 13. b5 axb5 14. cxb5 Na7 15. Nxe5 Nxb5 16. Bf3 Rb8 17. Qb3 Nd6 18. Bxd4 O-O 19. Bb6 Qe8 20. d4 Be4 21. Nd2 Bxf3 22. Ndxf3 Nd7 23. Nxd7 Qxd7 24. Ne5 Qf5 25. Rac1 Rbc8 26. Bc5 Rfd8 27. Nf3 Rd7 28. Re5 Qf4 29. Rce1 h6 30. Bxd6 Bxd6 31. R5e4 Qf5 32. Qb1 Qf6 33. Re8+ Rxe8 34. Rxe8+ Bf8 35. Rb8 Qf4 36. Re8 Rc7 37. Qb4 Rc1+ 38. Ne1 Rxe1+ 39. Qxe1 Qd6 40. Qb4 Qf4 41. Rxf8+ Kh7 42. Qb1+ g6 {...} 1-0

[Event "7.Città di Padova Open B"]
[Site "Padova"]
[Date "2004.12.12"]
[Round "2.23"]
[White "Di Cerbo, Giulia"]
[Black "Bano, Paolo"]
[Result "1-0"]
[WhiteElo "1676"]
[BlackElo "1440"]
[Annotator "Gabriele Ballarin"]
[PlyCount "82"]
[EventDate "2004.12.11"]
[EventType "swiss"]
[EventRounds "6"]
[EventCountry "ITA"]

1. d4 e6 2. e4 d5 3. e5 c5 4. c3 Nc6 5. f4 Qb6 6. Nf3 Be7 7. Be2 Nh6 8. Qd3 O-O 9. Ng5 g6 10. dxc5 Bxc5 11. Qh3 Bf2+ 12. Kf1 Kg7 13. f5 Nxe5 14. f6+ Kxf6 15. Nxh7+ Ke7 16. Qxh6 Rh8 17. Qg7 Rxh7 18. Qxh7 Be3 19. Qh4+ Kd6 20. Bxe3 Qxe3 21. Na3 a6 22. Qb4+ Kd7 23. Qd4 Qg5 24. Rd1 Nc6 25. Qf2 Ke8 26. Bf3 b5 27. c4 bxc4 28. Nxc4 dxc4 29. Bxc6+ Ke7 30. Bxa8 Bd7 31. Qd2 Qb5 32. Qc3 Qf5+ 33. Bf3 Bb5 34. Kf2 g5 35. g4 Qc5+ 36. Qd4 Qc7 37. Kg2 Qc8 38. Rhe1 Qc7 39. Qe5 Qxe5 40. Rxe5 Kf6 41. Rxb5 axb5 {...} 1-0

[Event "7.Città di Padova Open B"]
[Site "Padova"]
[Date "2004.12.12"]
[Round "2.25"]
[White "Solinas, Roberto"]
[Black "Facchin, Francesco"]
[Result "0-1"]
[WhiteElo "1652"]
[BlackElo "1440"]
[Annotator "Gabriele Ballarin"]
[PlyCount "112"]
[EventDate "2004.12.11"]
[EventType "swiss"]
[EventRounds "6"]
[EventCountry "ITA"]

1. d4 Nf6 2. Nf3 d5 3. Nbd2 Nc6 4. e3 e6 5. c3 Bd6 6. Bd3 e5 7. e4 Bg4 8. exd5 Nxd5 9. Be4 Be6 10. dxe5 Bxe5 11. O-O O-O 12. Nxe5 Nxe5 13. Nf3 Nxf3+ 14. Bxf3 c6 15. Qc2 Qf6 16. Be4 g6 17. f4 Bf5 18. Bxf5 Qxf5 19. Qxf5 gxf5 20. c4 Nf6 21. b3 Rfe8 22. Bb2 Ne4 23. Rfd1 Rad8 24. a3 f6 25. Rac1 Kf7 26. b4 h5 27. g3 Rg8 28. Rxd8 Rxd8 29. Rc2 Rd1+ 30. Kg2 Rd2+ 31. Rxd2 Nxd2 32. c5 a6 33. a4 Ne4 34. Kf3 Ke6 35. Ke3 a5 36. Kd4 axb4 37. Kc4 b3 38. Ba3 Nd2+ 39. Kc3 Nf1 40. Kxb3 Nxh2 41. Kb4 Nf1 42. Ka5 Nxg3 43. Kb6 h4 44. Kxb7 h3 45. a5 h2 46. a6 h1=Q 47. a7 Qh8 48. a8=Q Qxa8+ 49. Kxa8 Ne2 50. Kb7 Kd5 51. Bb2 Kxc5 52. Bxf6 Nxf4 53. Be5 Nd3 54. Bh2 f4 55. Bg1+ Kb5 56. Kc7 f3 0-1

[Event "7.Città di Padova Open B"]
[Site "Padova"]
[Date "2004.12.12"]
[Round "2.26"]
[White "Borgato, Alessandro"]
[Black "Zabeo, Gianpaolo"]
[Result "1-0"]
[WhiteElo "1625"]
[BlackElo "1440"]
[Annotator "Gabriele Ballarin"]
[PlyCount "89"]
[EventDate "2004.12.11"]
[EventType "swiss"]
[EventRounds "6"]
[EventCountry "ITA"]

1. e4 e5 2. Nf3 Nc6 3. Bc4 Be7 4. O-O Nf6 5. d3 d5 6. exd5 Nxd5 7. Re1 Bg4 8. h3 Bxf3 9. Qxf3 Nf6 10. Bb5 Qd6 11. Nc3 O-O 12. Bxc6 bxc6 13. Bg5 Rfe8 14. Bxf6 Qxf6 15. Qxf6 Bxf6 16. Ne4 Be7 17. Nd2 Bd6 18. Nc4 Re6 19. Re2 Rae8 20. Rae1 f5 21. c3 e4 22. dxe4 fxe4 23. Nd2 e3 24. Rxe3 Rxe3 25. Rxe3 Rxe3 26. fxe3 Kf7 27. Kf2 Ke6 28. Kf3 h5 29. Ke4 a5 30. Nc4 a4 31. Nxd6 cxd6 32. c4 g5 33. b4 axb3 34. axb3 d5+ 35. cxd5+ cxd5+ 36. Kd4 h4 37. e4 g4 38. exd5+ Kf5 39. d6 gxh3 40. gxh3 Kf4 41. d7 Kg3 42. d8=Q Kxh3 43. Qg8 Kh2 44. Ke3 h3 45. Kf2 1-0

[Event "7.Città di Padova Open B"]
[Site "Padova"]
[Date "2004.12.12"]
[Round "3.6"]
[White "Temporin, Alberto"]
[Black "Castellano, Alfonso"]
[Result "1-0"]
[WhiteElo "1580"]
[BlackElo "1881"]
[Annotator "Gabriele Ballarin"]
[PlyCount "84"]
[EventDate "2004.12.11"]
[EventType "swiss"]
[EventRounds "6"]
[EventCountry "ITA"]

1. e4 c5 2. Nc3 Nc6 3. Nf3 g6 4. Bc4 Bg7 5. a3 e6 6. d3 Nge7 7. h3 d5 8. Ba2 b5 9. O-O b4 10. axb4 cxb4 11. Ne2 d4 12. Bd2 O-O 13. Bc4 Bb7 14. Qc1 Nc8 15. Bh6 Nd6 16. Ba2 Qb6 17. Bxg7 Kxg7 18. Qf4 Rfd8 19. Ne5 Qc5 20. Ng4 Ne8 21. Bb3 h5 22. Qh6+ Kg8 23. Nh2 Qf8 24. Qg5 Qg7 25. f4 Nd6 26. Ng3 Bc8 27. e5 Ne8 28. Ba4 Bb7 29. Bxc6 Bxc6 30. Qe7 Qf8 31. Qxf8+ Kxf8 32. Ne2 Nc7 33. Ra5 Nb5 34. Rfa1 Rab8 35. Kf2 Rd7 36. Nf3 Bxf3 37. Kxf3 Rc7 38. Rc1 Rc5 39. Ra4 f6 40. exf6 e5 41. fxe5 Rxe5 42. Rxb4 Rf5+ {Nur} 1-0

[Event "7.Città di Padova Open B"]
[Site "Padova"]
[Date "2004.12.12"]
[Round "3.7"]
[White "Tomio, Dante"]
[Black "Vishanji, Adrian"]
[Result "0-1"]
[WhiteElo "1876"]
[BlackElo "1440"]
[Annotator "Gabriele Ballarin"]
[PlyCount "90"]
[EventDate "2004.12.11"]
[EventType "swiss"]
[EventRounds "6"]
[EventCountry "ITA"]

1. d4 Nf6 2. Nf3 e6 3. Bg5 d5 4. e3 Nbd7 5. Bd3 h6 6. Bf4 c5 7. c3 c4 8. Bc2 b5 9. Nbd2 Nh5 10. Bg3 Nxg3 11. hxg3 Bd6 12. Qe2 a5 13. e4 Bb7 14. exd5 Bxd5 15. Ne4 Be7 16. Ne5 O-O 17. g4 Nxe5 18. dxe5 f6 19. exf6 Bxf6 20. O-O Qb6 21. Rad1 Rad8 22. Nxf6+ Rxf6 23. Rd4 Rdf8 24. Qe5 Qb8 25. Rxd5 exd5 26. Qxd5+ R8f7 27. Bf5 Kh8 28. Rd1 Qb6 29. Rd2 g6 30. Bxg6 Rxf2 31. Qd4+ Qxd4 32. Rxd4 R7f4 33. Rd6 Rxb2 34. Bf5 b4 35. cxb4 axb4 36. Rxh6+ Kg7 37. Rg6+ Kf7 38. Rc6 Rxa2 39. Rc7+ Kf6 40. Rc6+ Ke5 41. Rc5+ Kd4 42. Rc7 b3 43. Be6 Kc3 44. g3 Re4 45. Kf1 Rxe6 0-1

[Event "7.Città di Padova Open B"]
[Site "Padova"]
[Date "2004.12.12"]
[Round "3.18"]
[White "Facchin, Francesco"]
[Black "Salata, Alessio"]
[Result "1-0"]
[WhiteElo "1440"]
[BlackElo "1718"]
[Annotator "Gabriele Ballarin"]
[PlyCount "85"]
[EventDate "2004.12.11"]
[EventType "swiss"]
[EventRounds "6"]
[EventCountry "ITA"]

1. d4 d5 2. Nf3 e6 3. e3 Nf6 4. c4 c5 5. Bd3 Nc6 6. O-O cxd4 7. exd4 dxc4 8. Bxc4 Be7 9. Nc3 O-O 10. a3 a6 11. Be3 b5 12. Bb3 Nd5 13. Nxd5 exd5 14. Qd3 Bg4 15. Ne5 Nxe5 16. dxe5 Qc7 17. Qd4 Be6 18. Rac1 Qb7 19. Qb6 Rab8 20. Qxb7 Rxb7 21. Rfd1 Rd8 22. Rc6 a5 23. Bb6 Ra8 24. Bxd5 Bxd5 25. Rxd5 b4 26. a4 g6 27. g3 Ra6 28. Rc8+ Kg7 29. Bxa5 Rba7 30. Bd8 Rxa4 31. Bxe7 Ra1+ 32. Kg2 Rxe7 33. Rb8 Re1 34. Rbb5 Re4 35. Kf3 Rc4 36. Rd3 f6 37. exf6+ Kxf6 38. Rb3 Re5 39. R5xb4 Rf5+ 40. Kg2 Rcc5 41. Rf3 Ke5 42. Rxf5+ gxf5 43. h4 1-0

[Event "7.Città di Padova Open B"]
[Site "Padova"]
[Date "2004.12.12"]
[Round "3.20"]
[White "Basset, Sergio"]
[Black "Boscolo, Michele"]
[Result "0-1"]
[WhiteElo "1790"]
[BlackElo "1711"]
[Annotator "Gabriele Ballarin"]
[PlyCount "79"]
[EventDate "2004.12.11"]
[EventType "swiss"]
[EventRounds "6"]
[EventCountry "ITA"]

1. d4 Nf6 2. c4 e5 3. dxe5 Ng4 4. Nf3 Bc5 5. e3 Nc6 6. Be2 Ngxe5 7. Nxe5 Nxe5 8. O-O O-O 9. Nc3 d6 10. a3 a6 11. b4 Ba7 12. Ne4 Be6 13. Nd2 Qe7 14. Bb2 Rad8 15. Rc1 f6 16. Qc2 Qf7 17. Bd4 c5 18. Bb2 Qg6 19. Qxg6 hxg6 20. Nf3 Nc6 21. Bc3 g5 22. h3 g4 23. hxg4 Bxg4 24. Rfe1 Be6 25. Red1 Kf7 26. Rc2 Bb8 27. Rcd2 Bc7 28. g3 b6 29. bxc5 dxc5 30. Rxd8 Rxd8 31. Rxd8 Bxd8 32. Nd2 Bc7 33. Bf3 Ne5 34. Bxe5 Bxe5 35. Bd5 Ke7 36. f4 Bc3 37. Ne4 Bxd5 38. cxd5 Bb2 39. a4 c4 40. Nd2 0-1

[Event "7.Città di Padova Open B"]
[Site "Padova"]
[Date "2004.12.12"]
[Round "3.23"]
[White "Carraro, Antonio"]
[Black "Amendola, Massimiliano"]
[Result "0-1"]
[WhiteElo "1613"]
[BlackElo "1440"]
[Annotator "Gabriele Ballarin"]
[PlyCount "76"]
[EventDate "2004.12.11"]
[EventType "swiss"]
[EventRounds "6"]
[EventCountry "ITA"]

1. e4 e6 2. d4 d5 3. Nc3 c5 4. Nf3 Nc6 5. Be2 Qb6 6. exd5 Nxd4 7. dxe6 Bxe6 8. Bb5+ Nxb5 9. O-O Nxc3 10. bxc3 Bd6 11. Be3 Nf6 12. Re1 O-O 13. Rb1 Qc7 14. Qd2 Rad8 15. Qe2 Bg4 16. Bg5 Rfe8 17. Qc4 Bxf3 18. Bxf6 Bxh2+ 19. Kh1 Rxe1+ 20. Rxe1 gxf6 21. gxf3 Bf4 22. Rg1+ Kh8 23. Rg4 Bh6 24. Qe4 Qc6 25. Qf5 Bg7 26. Rh4 h6 27. Kg2 Qd5 28. Qf4 Qg5+ 29. Qxg5 fxg5 30. Re4 Bf8 31. f4 f5 32. Re5 Kg7 33. Rxf5 Kg6 34. Re5 gxf4 35. Kf3 Bg7 36. Rxc5 Rd2 37. Rc7 Rxc2 38. Rxb7 Rxa2 {...} 0-1